Najpopularniejsze piosenki Multiego - Statystyki

Ogólne statystyki
  • Ten quiz został rozwiązany 57 razy
  • Średni wynik to 6 z 15
Statystyki odpowiedzi
Wyświetlenia Piosenka % Poprawnych
36 000 000 Plecak
98%
28 000 000 Pogba
77%
18 000 000 Nie wiem
68%
19 000 000 Diamenty
61%
17 000 000 Kim ty jesteś
48%
5 900 000 Trap
41%
11 000 000 Nowy sezon
36%
4 100 000 Nowa fala
34%
10 000 000 Skrrrt
25%
4 700 000 Plotki
20%
5 300 000 Skrzydła
20%
4 700 000 Pytasz mnie
16%
4 600 000 Hot 16
14%
4 400 000 Jeden Dzień
9%
4 400 000 Sharky
0%
Nie znaleziono quizów pasujących do podanych kryteriów
Rozkład punktacji
Procent ludzi z każdym wynikiem
Percentyl według liczby udzielonych odpowiedzi
Twoja historia wyników
Nie rozwiązałeś tego quizu